000 00522nam a2200193 4500
003 OSt
005 20260601171004.0
008 260508b\\\\\\\\||||||||\||||\00|\0\spa\d
040 _aICI
_bspa
_cICI
050 0 _aH62
_bG37 1972
100 1 _aGarza Mercado, Ario
_931871
245 1 _aManual de Técnicas de Investigación
264 _bColegio de México
_c1974
_aMéxico
300 _a188 páginas
336 _atexto
_2rdacontent
337 _asin medio
_2rdamedia
338 _avolumen
_2rdacarrier
942 _2lcc
_cB
_n1
999 _c20188
_d20188